| 000 | 05228cgm a2200925Ka 4500 | ||
|---|---|---|---|
| 003 | OCoLC | ||
| 005 | 20241220121120.0 | ||
| 007 | vd cvaizq | ||
| 008 | 070123s2007 cau093 e vleng d | ||
| 001 | ocm79663449 | ||
| 020 | _a1594445990 | ||
| 020 | _a9781594445996 | ||
| 024 | 1 | 0 | _a796019801744 |
| 028 | 4 | 2 |
_a80174 _bGenius Products |
| 035 | _a(Sirsi) i9781594445996 | ||
| 035 | _a(OCoLC)79663449 | ||
| 037 |
_bMidwest Tape _nhttp://www.midwesttapes.com |
||
| 040 |
_aTEFMT _cTEFMT _dTEF _dRL9 _dJED _dWHP _dIK2 _dJED _dUINTA |
||
| 041 | 1 |
_aeng _afre _beng _bspa _heng |
|
| 043 | _ae-uk-en | ||
| 044 |
_axxk _axxu |
||
| 049 | _aUCLB | ||
| 050 | 1 | 4 |
_aPN1995.9.B55 _bM577 2007 |
| 082 | 0 | 4 |
_a791.43/72 _222 |
| 092 | _a791.437 | ||
| 130 | 0 |
_aMiss Potter (Motion picture) _978344 |
|
| 245 | 1 | 0 |
_aMiss Potter _h[videorecording] / _cThe Weinstein Company and Phoenix Pictures present a David Kirschner production in association with Isle of Man Film and the UK Film Council, a Chris Noonan film ; produced by David Kirschner, Mike Medavoy, Arnold W. Messer, David Thwaites ; written by Richard Maltby Jr. ; directed by Chris Noonan. |
| 260 |
_aSanta Monica, Calif. : _bGenius Products, _c2007. |
||
| 300 |
_a1 videodisc (93 min.) : _bsd., col. ; _c4 3/4 in. |
||
| 538 | _aDVD, region 1, widescreen presentation; Dolby Digital. | ||
| 546 | _aDialogue in English or French with optional subtitles in Spanish and subtitles in English for the deaf and hard of hearing. | ||
| 511 | 1 | _aRenée Zellweger, Ewan McGregor, Emily Watson, Barbara Flynn, Bill Paterson, Matyelok Gibbs, Lloyd Owen, Anton Lesser, David Bamber. | |
| 508 | _aDirector of photography, Andrew Dunn ; edited by, Robin Sales ; music by, Nigel Westlake ; costume designer, Anthony Powell ; production designer, Martin Childs. | ||
| 521 | 8 | _aMPAA rating: PG; for brief mild language. | |
| 520 | _aIn an effort to give their younger brother, Norman a project to keep him busy now that he has joined the family publishing house, the older Warne brothers agree to publish Miss Beatrix Potter's first children's book. They don't expect the book to sell well, but they need to keep Norman busy. As a single woman living in Edwardian London, Beatrix suspects this endeavor may provide her with a small measure of freedom. But she also has very specific ideas about how the book should be published. As they work together, Norman and Beatrix become close. After the first book is published, Beatrix goes on to a second book and that sells well. One day at lunch, she meets the rest of Norman's family, including his sister, Millie and the two women become fast friends. Norman proposes, but Beatrix's parents object to the marriage proposal. After much argument, they agree to let Beatrix marry Norman provided they wait until the end of the summer. | ||
| 500 | _aSpecial features: Feature commentary with director Chris Noonan; The tale of Peter Rabbit and Beatrix Potter; The making of a real-life fairy tale; "When you taught me how to dance"; Music video performed by Katie Melua; Theatrical trailer. | ||
| 600 | 1 | 0 |
_aPotter, Beatrix, _d1866-1943 _vDrama. _96176844 |
| 600 | 1 | 0 |
_aPotter, Beatrix, _d1866-1943. _tOriginal Peter Rabbit books _vDrama. _96176845 |
| 650 | 0 |
_aPublishers and publishing _zEngland _zLondon _vDrama. _96507836 |
|
| 650 | 0 |
_aMan-woman relationships _zEngland _zLondon _vDrama. _95693242 |
|
| 650 | 0 |
_aUpper class families _zEngland _zLondon _vDrama. _96507837 |
|
| 651 | 0 |
_aLondon (England) _vDrama. _95703301 |
|
| 600 | 1 | 4 |
_aPotter, Beatrix, _d1866-1943 _vDrama. _96176844 |
| 600 | 1 | 4 |
_aPotter, Beatrix, _d1866-1943. _tOriginal Peter Rabbit books _vDrama. _96176845 |
| 650 | 4 |
_aPublishers and publishing _zEngland _zLondon _vDrama. _96507836 |
|
| 650 | 4 |
_aMan-woman relationship _zEngland _zLondon _vDrama. _96507838 |
|
| 650 | 4 |
_aUpper class families _zEngland _zLondon _vDrama. _96507837 |
|
| 651 | 4 |
_aLondon (England) _vDrama. _95703301 |
|
| 655 | 0 |
_aFeature films. _96176849 |
|
| 655 | 0 |
_aBiographical films. _9102649 |
|
| 655 | 0 |
_aHistorical films. _96176850 |
|
| 655 | 7 |
_aBiographical _vFeature. _2local _95755264 |
|
| 655 | 7 |
_aHistorical _vFeature. _2local _95709379 |
|
| 655 | 7 |
_aWomen _vFeature. _2local _95755059 |
|
| 700 | 1 |
_aKirschner, David, _d1955- _918848 |
|
| 700 | 1 |
_aMedavoy, Mike. _949616 |
|
| 700 | 1 |
_aMesser, Arnold. _96176851 |
|
| 700 | 1 |
_aSienega, Corey. _96176852 |
|
| 700 | 1 |
_aThwaites, David. _964733 |
|
| 700 | 1 |
_aMaltby, Richard, _d1937- _913887 |
|
| 700 | 1 |
_aNoonan, Chris. _956682 |
|
| 700 | 1 |
_aZellweger, Renée, _d1969- _965300 |
|
| 700 | 1 |
_aMcGregor, Ewan, _d1971- _963781 |
|
| 700 | 1 |
_aWatson, Emily, _d1967- _976432 |
|
| 700 | 1 |
_aFlynn, Barbara, _d1948- _962340 |
|
| 700 | 1 |
_aPaterson, Bill, _d1945- _959022 |
|
| 700 | 1 |
_aGibbs, Matyelok. _973931 |
|
| 700 | 1 |
_aOwen, L. _q(Lloyd) _976265 |
|
| 700 | 1 |
_aLesser, Anton. _918762 |
|
| 700 | 1 |
_aBamber, David. _966649 |
|
| 710 | 2 |
_aPhoenix Pictures. _964676 |
|
| 710 | 2 |
_aDavid Kirschner Productions. _96176853 |
|
| 710 | 2 |
_aIsle of Man Film Commission. _971756 |
|
| 710 | 2 |
_aUK Film Council. _970113 |
|
| 710 | 2 |
_aWeinstein Company. _973072 |
|
| 710 | 2 |
_aGenius Products, Inc. _973554 |
|
| 942 |
_cDVD _0396 |
||
| 994 |
_aC0 _bUINTA |
||
| 998 | _aa106599 | ||
| 999 |
_c49873 _d49873 |
||